Responses for Show #4069 - Thursday, April 18, 2002

Contestants

[<< previous game]

Amy Choyke, an attorney from Pearland, Texas

Kevin Friloux, a stockbroker from Houston, Texas

Ben Bass, an attorney from Chicago, Illinois (whose 3-day cash winnings total $54,801)

[next game >>]

Jeopardy! Round responses

DESERT PLANTS
TV ROOMMATES
PEOPLE EAT THAT?
BAD NEWS
WINNERS
CLICHES IN OTHER WORDS
    $200 26
roots

Amy
    $200 16
Laverne & Shirley

Ben
    $200 21
possum

Amy
    $200 11
Japan

Amy
    $200 1
(Ben: Uh, what is the World Cup?)

America's Cup

Ben
Triple Stumper
    $200 6
(Ben: What is when the shoe fits, wear it?)

If the shoe fits, wear it

BenKevin
    $400 27
lettuce

Kevin
    $400 17
The Cosby Show

Ben
    $400 22
(Ben: What are the innards?)
...
(Alex: Minute to go.)

giblets

BenAmy
    $400 12
Hamilton

Amy
    $400 2
Puerto Rico

Amy
    $400 7
(Ben: What is high on the hog?)
(Alex: Not complete--no.)
...
(Alex: In the previous one, Ben, you had put in the same word we had in the clue.)

living high on the hog

BenAmy
    $600 28
creosote

Kevin
    $600 18
(Amy: What is Two Guys, a Girl and a Pizza Place?)

Two Guys and a Girl

BenAmy
    $600 23
frogs

Kevin
    $600 13
Jack the Ripper

Amy
    $1,000 3
Economics

Amy
    $600 8
(Ben: What is off the beaten path?)
(Kevin: What is [*]?)
(Alex: No.)
...
(Alex: What is
[**]?)
(Alex: Ben, you did it again -- you put the same word in your response
that we had in the clue,
and it has to be in other words.)
[Kevin's response was ruled incorrect and later the decision was reversed.]

[*]off the beaten trail [**]off the beaten track

BenKevin
    $800 29
[The end-of-round signal sounds.]

saguaro

Ben
    $800 19
Jack Tripper

Kevin
    $800 24
limpet

Kevin
    $800 14
Baby Face

Kevin
    $800 4
(Vince) Lombardi

Kevin
    $800 9
(Ben: What is keep fingers crossed?)

Keep your fingers crossed

BenAmy
    $1000 20
Living Single

Amy
    $1000 25
snails

Triple Stumper
    $1000 15
Vincent Van Gogh

Ben
    $1000 5
Sebastian Coe

Triple Stumper
    $1000 10
Let the cat out of the bag

Amy

Scores at the first commercial break (after clue 12):

Ben Kevin Amy
-$2,200 $1,600 $4,200

Scores at the end of the Jeopardy! Round:

Ben Kevin Amy
$400 $5,600 $6,000

Double Jeopardy! Round responses

THE MAINE INGREDIENTS
MYTH & MAGIC
I WANT MY MOVIE MOMMY
WRITERS' RELATIVES
"V" THE PEOPLE
BEASTLY RHYME TIME
    $400 7
arrow

Kevin
    $400 1
Mary Tyler Moore

Amy
    $400 17
(Henry Wadsworth) Longfellow

Ben
    $400 12
Victorian

Ben
    $400 6
(Kevin: What is a skunk's trunk?)

skunk trunk

Kevin
Triple Stumper
    $800 29
(Ben: What are Newfoundland & New Brunswick?)
(Amy: What are Newfoundland & New Hampshire?)
...
[The end-of-round signal sounds.]

New Hampshire & New Brunswick

BenAmy
Triple Stumper
    $800 22
m-a-g-i-c-k

Ben
    $800 2
Sophia Loren

Triple Stumper
    $800 18
Alex Haley

Kevin
    $800 13
Viking

Kevin
    $800 8
rabbit habit

Amy
    $1200 28
Pine Tree State

Ben
    $1200 23
slingshot

Amy
    $1200 3
Jane Wyman

Ben
    $1200 19
Al Gore

Amy
    $1200 14
Veteran Affairs

Kevin
    $1200 9
owl towel

Ben
    $1600 26
L. L. Bean

Kevin
    $1600 24
The Aeneid

Kevin
    $1600 4
Cloris Leachman

Ben
    $1600 20
Francis Scott Key

Ben
    $2,000 15
Viet Cong

Kevin
    $1600 10
chunky monkey

Amy
    $2,000 27
Missouri

Kevin
    $2000 25
(Alex: With a minute to go now.)

votive

Ben
    $2000 5
Sally Field

Ben
    $2000 21
Katherine Anne Porter

Kevin
    $2000 16
venture capitalists

Ben
    $2000 11
swine wine

Kevin

Scores at the end of the Double Jeopardy! Round:

Ben Kevin Amy
$14,000 $19,600 $10,400

[wagering suggestions for these scores]

Final Jeopardy! Round responses

PRESIDENTIAL ELECTIONS
AmyWho is Adalai Stevenson
$2,000
BenWho is Wm. Jennings Bryan?
$6,801
KevinWho is Nixon
$9,401
George Herbert Walker Bush

Final scores:

Ben Kevin Amy
$7,199 $10,199 $8,400
3rd place: trip to Dallas & stay at Wyndham Anatole Hotel New champion: $10,199 2nd place: trip to Zermatt, Switzerland & stay at the Schweizerhof by Colette Vacations

Game dynamics:

Coryat scores:

Ben Kevin Amy
$14,000 $19,200 $10,000
16 R,
7 W
19 R
(including 2 DDs),
1 W
17 R
(including 1 DD),
2 W

Combined Coryat: $43,200

[game clues] [game scores] [suggest correction]

Game tape date: 2002-01-14
The J! Archive is created by fans, for fans. Scraping, republication, monetization, and malicious use prohibited; this site may use cookies and collect identifying information. See terms. The Jeopardy! game show and all elements thereof, including but not limited to copyright and trademark thereto, are the property of Jeopardy Productions, Inc. and are protected under law. This website is not affiliated with, sponsored by, or operated by Jeopardy Productions, Inc. Join the discussion at JBoard.tv.